000 00760nam a2200265 i 4500
001 C2-0224424
003 PPAK
005 20180728152945.0
008 000420s1998 my a|||| ||||| | may d
020 _a9838472425
040 _aPPAK
_beng
_cPPAK
_erda
082 0 4 _a899.233
_223
090 0 0 _a899.233
_bJAF
_dK
100 0 _aJaffry Mahidin,
_eauthor
245 1 0 _aMisteri kolong gelap
264 1 _aKuala Lumpur :
_bBuku Must ,
_c1998
300 _avii, 85 pages :
_billustrations ;
_c19 cm
336 _2rdacontent
_atext
337 _2rdamedia
_aunmediated
338 _2rdacarrier
_avolume
490 1 _aSiri buku penyiasatan kanak-kanak
650 1 0 _aChildren's stories, Malay
830 0 _aSiri buku penyiasatan kanak-kanak
942 _ddc
_cB
999 _c145337
_d145337